[Event "TCh-SUI National A 2012"]
[Site "Switzerland SUI"]
[Date "2012.09.22"]
[Round "6.7"]
[White "Stoeri,S"]
[Black "Hauser,Roland"]
[Result "0-1"]
[WhiteElo "2160"]
[BlackElo "2110"]

1.e4 c5 2.Nf3 Nc6 3.Bb5 Qb6 4.Nc3 e6 5.a4 a6 6.Bc4 Nf6 7.Qe2 d6 8.O-O Be7
9.d3 O-O 10.Bd2 Qc7 11.Rfe1 b6 12.h3 Bb7 13.Be3 Rfd8 14.Ba2 Nb4 15.Bb3 Rac8
16.Bg5 Nc6 17.Nb1 Na5 18.Ba2 c4 19.Nbd2 cxd3 20.cxd3 Nc6 21.Rec1 Qb8 22.d4 h6
23.Bh4 Nb4 24.Bc4 d5 25.e5 dxc4 26.exf6 Bxf6 27.Bxf6 gxf6 28.Ne4 Qf4 29.Nfd2 Rxd4
30.Re1 Nc2 31.Nf3 Qxe4  0-1

[Event "TCh-SRB Prem 2012"]
[Site "Valjevo SRB"]
[Date "2012.09.22"]
[Round "6.1"]
[White "Popovic,Du"]
[Black "Popovic,Milo2"]
[Result "1-0"]
[WhiteElo "2583"]
[BlackElo "2383"]

1.e4 c5 2.Nf3 Nc6 3.Bb5 e5 4.O-O Nge7 5.Bc4 Ng6 6.c3 Be7 7.d4 cxd4 8.cxd4 exd4
9.Nxd4 O-O 10.Nf5 Bc5 11.Nc3 d6 12.Qh5 Kh8 13.Bb3 Nge5 14.Nd5 f6 15.Qd1 g6
16.Nfe3 f5 17.f4 Ng4 18.Kh1 Nf6 19.exf5 Nxd5 20.Bxd5 Bxf5 21.Bd2 Bd4 22.Bc3 Qf6
23.Nxf5 Bxc3 24.bxc3 gxf5 25.Rb1 Rab8 26.Qf3 Rfc8 27.Bxc6 Rxc6 28.Rxb7 Rbc8
29.Rxa7 Rxc3 30.Qh5 Qg6 31.Qd1 Qf6 32.h3 Rc2 33.Ra8 Rxa8 34.Qxc2 Qe6 35.Qc3+ Kg8
36.Rf3 Kf7 37.Rg3 Qxa2 38.Qg7+ Ke6 39.Qh6+ Kd5 40.Rd3+  1-0

[Event "TCh-SRB Prem 2012"]
[Site "Valjevo SRB"]
[Date "2012.09.22"]
[Round "6.3"]
[White "Cabarkapa,N"]
[Black "Govedarica,R"]
[Result "1/2-1/2"]
[WhiteElo "2255"]
[BlackElo "2399"]

1.e4 c5 2.Nf3 Nc6 3.Bb5 d6 4.O-O Bd7 5.Re1 e6 6.c3 a6 7.Bf1 Nf6 8.d4 cxd4
9.cxd4 d5 10.e5 Ng8 11.Nc3 Nge7 12.Bd3 b6 13.h4 b5 14.h5 Nc8 15.Ne2 Nb6 16.Nf4 Qc7
17.a3 Na7 18.b3 a5 19.Bd2 a4 20.Ba5 Nc6 21.Bxb6 Qxb6 22.b4 Nxb4 23.axb4 Bxb4
24.Re3 Be7 25.Bc2 Qc6 26.Nd3 b4 27.Nc5 b3 28.Nxb3 axb3 29.Rxa8+ Qxa8 30.Rxb3 Bd8
31.Ne1 Ba4 32.Qa1 Bc6 33.Ra3 Qb8 34.Qc3 Bd7 35.Nd3 Be7 36.Nc5 Qc8 37.Nxd7 Qxc3
38.Rxc3 Kxd7 39.Ba4+ Kd8 40.Rc6 Ba3 41.Ra6 Rf8 42.Ra7 Bb2  1/2-1/2

[Event "Vladivostok Russian Cup 2012"]
[Site "Vladivostok RUS"]
[Date "2012.09.22"]
[Round "6.16"]
[White "Semeniuk,Al"]
[Black "Lyaskovsky,Va"]
[Result "0-1"]
[WhiteElo "2417"]
[BlackElo "2292"]

1.e4 c5 2.Nf3 Nc6 3.Bb5 g6 4.O-O Bg7 5.Re1 e5 6.Bxc6 dxc6 7.d3 b6 8.Nbd2 Nh6
9.Nc4 f6 10.a3 Be6 11.Qe2 Nf7 12.b4 Qe7 13.bxc5 Bxc4 14.dxc4 Qxc5 15.a4 Bf8
16.Be3 Qa5 17.Nd2 Bb4 18.Reb1 Nd6 19.Qg4 Ke7 20.Nb3 Qa6 21.c5 Nc4 22.Qe2 Bc3
23.Nd2 Bxa1 24.Nxc4 Bd4 25.Bxd4 exd4 26.e5 f5 27.e6 Rhe8 28.Re1  0-1

[Event "3rd Konig Memorial"]
[Site "San Francisco USA"]
[Date "2012.09.23"]
[Round "6"]
[White "Browne,W"]
[Black "Naroditsky,D"]
[Result "0-1"]
[WhiteElo "2449"]
[BlackElo "2483"]

1.e4 c5 2.Nf3 Nc6 3.Bb5 d6 4.O-O Bg4 5.d3 e6 6.Bxc6+ bxc6 7.Nbd2 e5 8.h3 Be6
9.Nc4 Nf6 10.b3 h6 11.Re1 Be7 12.c3 Rc8 13.Ne3 O-O 14.Qc2 Nd7 15.d4 cxd4
16.cxd4 Bf6 17.Bb2 exd4 18.Bxd4 Bxd4 19.Nxd4 Qg5 20.Nef5 Ne5 21.Re3 c5 22.Nxe6 fxe6
23.Nxd6 Rcd8 24.Rg3 Qf6 25.Rd1 Rd7 26.Qxc5 Rfd8 27.Rd4 Rf8 28.Rd2 Rfd8 29.Kh2 h5  0-1

[Event "21st TCh-CRO 1a 2012"]
[Site "Sibenik CRO"]
[Date "2012.09.23"]
[Round "1.2"]
[White "Balogh,C"]
[Black "Sprenger,J"]
[Result "1/2-1/2"]
[WhiteElo "2668"]
[BlackElo "2498"]

1.e4 c5 2.Nf3 Nc6 3.Bb5 g6 4.Bxc6 dxc6 5.d3 Bg7 6.h3 Nf6 7.Nc3 Nd7 8.Be3 e5
9.Qd2 h6 10.O-O Qe7 11.Nh2 Nf8 12.f4 exf4 13.Bxf4 Ne6 14.Bg3 Nd4 15.Rae1 Be6
16.e5 O-O-O 17.Ne4 Nf5 18.Bf2 Bxe5 19.Nxc5 Qc7 20.Nf3 Bf4 21.Qb4 Bd6 22.Qa4 Bxc5
23.Bxc5 b6 24.Bf2 Kb7 25.Ne5 Rhe8 26.Re2 Bc8 27.Rfe1 Re6 28.g4 Rde8 29.d4 Nd6
30.Re3 f6 31.Nxg6 Rxe3 32.Rxe3 Rxe3 33.Bxe3 Qf7 34.Nf4 f5 35.Nd3 fxg4 36.Ne5 Qd5
37.hxg4 Bxg4 38.Qb3 Qxb3 39.cxb3 h5 40.Nc4 Nf5 41.Bf2 Bf3 42.Ne5 Be4 43.Ng6 Kc7
44.Kf1 Kd6 45.Ke2 Bb1 46.a3 Bc2 47.b4 Nxd4+ 48.Bxd4 Bxg6 49.Bf6 Ke6 50.Bd8 Kf5
51.Ke3 Kg4 52.Bc7 h4 53.Bb8 h3 54.Bc7 Kf5 55.Kd4 Ke6 56.Bb8 Kd7 57.Bg3 Kc8
58.Bh2 Kb7 59.Bg3 Bh5 60.Bh2 Bf3 61.Bg3 Ka6 62.Bh2 Kb5 63.Bg3 Ka4 64.Kc3 Kb5
65.Kd4 a5 66.bxa5 Kxa5 67.Bh2 c5+ 68.Ke3 Bd5 69.Kf2 Ka4 70.Be5 Kb3 71.Kg3 Be6  1/2-1/2

[Event "TCh-SRB Prem w 2012"]
[Site "Valjevo SRB"]
[Date "2012.09.24"]
[Round "8.3"]
[White "Kezele,T"]
[Black "Vuckovic,J"]
[Result "1/2-1/2"]
[WhiteElo "1993"]
[BlackElo "1856"]

1.e4 c5 2.Nf3 Nc6 3.Bb5 g6 4.O-O Bg7 5.c3 e5 6.Re1 Nge7 7.Na3 O-O 8.d4 cxd4
9.cxd4 exd4 10.Bg5 Qb6 11.e5 Nd5 12.Bxc6 dxc6 13.Nc4 Qb4 14.Qxd4 h6 15.a3 Qa4
16.Bf6 Nxf6 17.exf6 Bxf6 18.Qxf6 Qxc4 19.Ne5 Qe6 20.Qxe6 Bxe6 21.Nxg6 fxg6
22.Rxe6 Kf7 23.Rae1 Rfe8  1/2-1/2

[Event "21st TCh-CRO 1a 2012"]
[Site "Sibenik CRO"]
[Date "2012.09.25"]
[Round "3.31"]
[White "Fedorchuk,S"]
[Black "Sprenger,J"]
[Result "1/2-1/2"]
[WhiteElo "2646"]
[BlackElo "2498"]

1.e4 c5 2.Nf3 Nc6 3.Bb5 d6 4.O-O Bd7 5.Re1 Nf6 6.c3 a6 7.Bf1 Bg4 8.h3 Bxf3
9.Qxf3 e6 10.d3 Be7 11.Be3 O-O 12.Nd2 d5 13.Bf4 b5 14.Bh2 dxe4 15.Nxe4 Nd5
16.a3 Qb6 17.Ng3 Bd6 18.Nh5  1/2-1/2

[Event "Tatry Open 2012"]
[Site "Tatranske Zruby SVK"]
[Date "2012.09.25"]
[Round "3.35"]
[White "Mrva,V"]
[Black "Sturc,J"]
[Result "1-0"]
[WhiteElo "2128"]
[BlackElo "2005"]

1.e4 c5 2.Nf3 Nc6 3.Bb5 d6 4.Bxc6+ bxc6 5.h3 e5 6.d3 Nf6 7.O-O Rb8 8.Nc3 Be7
9.b3 O-O 10.Na4 Qc7 11.Re1 Re8 12.Be3 Bf8 13.Nh2 g6 14.Ng4 Bg7 15.Nxf6+ Bxf6
16.Rb1 Qe7 17.Qd2 Bg7 18.Rf1 Rb7 19.Rbe1 Qd8 20.Re2 Be6 21.f3 f5 22.Bg5 Qc8
23.exf5 Bxf5 24.Qe1 h6 25.Bd2 Rf8 26.Qg3 Kh7 27.Be3 Qd8 28.Nc3 Qa5 29.Bd2 Qb6
30.Kh1 Rbf7 31.Rfe1 Qc7 32.Be3 Qa5 33.Na4 g5 34.Bd2 Qd8 35.Be3 Rg8 36.Nc3 Qa5
37.Bd2 Qd8 38.Ne4 Bf8 39.Nf2 Rfg7 40.Bc3 Be7 41.Rf1 Bf6 42.Ng4 h5 43.Nxf6+ Qxf6
44.Qf2 Qh6 45.Bd2 Be6 46.h4 Qg6 47.Bxg5 Rf8 48.Qe3 Rgf7 49.Qe4 Bd5 50.Qxg6+ Kxg6
51.Kh2 Be6 52.Re4 Rb8 53.Bd2 Rb6 54.Ra4 Bc8 55.Re1 Ra6 56.Rxa6 Bxa6 57.Re4 Bc8
58.Kg3 Kf5 59.Ra4 Rg7+ 60.Kf2 Ke6 61.g4 hxg4 62.fxg4 d5 63.h5 Rf7+ 64.Kg2 Kf6
65.g5+ Kg7 66.g6 Re7 67.Bg5 Rb7 68.a3 c4 69.dxc4 d4 70.Kg3 Bf5 71.Ra5 Bxc2
72.Rxe5 Rxb3+ 73.Kf4 Bxg6 74.hxg6 Kxg6 75.Re6+ Kf7 76.Rf6+ Ke8 77.Rxc6 Rxa3
78.Rd6 d3 79.Ke4 Ra5 80.Rd8+ Kf7 81.Be3 Ke6 82.Rxd3 Re5+ 83.Kd4 Rh5 84.Ra3  1-0

[Event "Vladivostok Russian Cup 2012"]
[Site "Vladivostok RUS"]
[Date "2012.09.25"]
[Round "9.24"]
[White "Chuhachev,V"]
[Black "Starkov,D"]
[Result "1-0"]
[WhiteElo "2182"]
[BlackElo "1983"]

1.e4 c5 2.Nf3 Nc6 3.Bb5 d6 4.Bxc6+ bxc6 5.O-O d5 6.Nc3 e6 7.d3 Nf6 8.Re1 Be7
9.b3 O-O 10.Qe2 Ba6 11.Ne5 Qc7 12.f4 d4 13.Na4 Nd7 14.Nxd7 Qxd7 15.Ba3 c4
16.Nc5 Bxc5 17.Bxc5 cxd3 18.cxd3 Rfd8 19.Rf1 f6 20.Rf3 Re8 21.Raf1 f5 22.e5 Qd5
23.Bd6 Red8 24.g4 fxg4 25.Rg3 Kh8 26.Qxg4 Rg8 27.Rh3 g6 28.Be7 h5 29.Bf6+ Kh7
30.Kf2 Rg7 31.Rxh5+ Kg8 32.Rh8+ Kxh8 33.Qxg6 Qd7 34.Rg1  1-0

[Event "Baku Open 2012"]
[Site "Baku AZE"]
[Date "2012.09.26"]
[Round "5.20"]
[White "Agayev,N"]
[Black "Agaragimov,D"]
[Result "1-0"]
[WhiteElo "2318"]
[BlackElo "2343"]

1.e4 c5 2.Nf3 Nc6 3.Bb5 g6 4.O-O Bg7 5.Bxc6 bxc6 6.d3 d6 7.Nbd2 Nh6 8.h3 O-O
9.Re1 e5 10.c3 f5 11.Nc4 Nf7 12.b4 Ba6 13.Na5 Rc8 14.a3 Re8 15.c4 d5 16.Be3 Nd6
17.Qa4 fxe4 18.dxe4 Bxc4 19.Nxc4 Nxc4 20.Bxc5 a5 21.Qb3 Kh8 22.Rad1 axb4
23.axb4 Ra8 24.Rd3 Ra3 25.Qc2 Qa8 26.Rxa3 Qxa3 27.Rd1 Qa8 28.Qc3 Qb7 29.h4 Nb6
30.Bxb6 Qxb6 31.Rc1 dxe4 32.Ng5 Rf8 33.Qc5 Qb8 34.Ne6 Rg8 35.Rc4 Bf8 36.Nxf8 Rxf8
37.Rxe4 Rf4 38.Qxc6 Rxe4 39.Qxe4 Qb5 40.Kh2 Kg7 41.Qe1 Kf6 42.Qc3 h6 43.f4 Kf7
44.fxe5 Ke6 45.Qd4 h5 46.Qd6+ Kf7 47.Qf6+  1-0

[Event "Baku Open 2012"]
[Site "Baku AZE"]
[Date "2012.09.26"]
[Round "5.8"]
[White "Mamedov,Nid"]
[Black "Nigalidze,G"]
[Result "1-0"]
[WhiteElo "2614"]
[BlackElo "2449"]

1.e4 c5 2.Nf3 Nc6 3.Bb5 g6 4.Bxc6 dxc6 5.d3 Bg7 6.h3 Nf6 7.Nc3 Nd7 8.Be3 Qb6
9.Rb1 O-O 10.Qd2 Re8 11.O-O Qc7 12.Nh2 b6 13.f4 Ba6 14.f5 Ne5 15.Rbd1 Rad8
16.Qf2 Rf8 17.Bf4 Qd7 18.Qg3 Qd4+ 19.Kh1 Nd7 20.a3 Nf6 21.Nf3 Qd7 22.Qh4 Nh5
23.Bh2 Bf6 24.Qe1 Bg7 25.e5 Bh8 26.g4 Ng7 27.Qh4 f6 28.e6 Qe8 29.Rg1 c4 30.d4 Bb7
31.Qg3 Ba8 32.Qf4 c5 33.d5 b5 34.Qe4 a6 35.Ne2 Bb7 36.Nf4 g5 37.Ne2 Rd6 38.Bxd6 exd6
39.a4 Qa8 40.axb5 axb5 41.Nc3 Qa6 42.Ra1 Qb6 43.Nd1 Ne8 44.e7 Rf7 45.Re1 Bc8
46.b3 cxb3 47.cxb3 Qb7 48.b4 Bd7 49.Nc3 Rg7 50.Kg2 Kf7 51.bxc5 dxc5 52.d6  1-0

[Event "Tatry Open 2012"]
[Site "Tatranske Zruby SVK"]
[Date "2012.09.26"]
[Round "5.70"]
[White "Ptacnik,S"]
[Black "Malinovsky,J"]
[Result "1-0"]
[WhiteElo "2089"]
[BlackElo "1837"]

1.e4 c5 2.Nf3 Nc6 3.Bb5 Nd4 4.Ba4 Qa5 5.Bb3 Nxb3 6.cxb3 d6 7.h3 h6 8.Nc3 e6
9.O-O Bd7 10.d4 cxd4 11.Qxd4 Qh5 12.e5 d5 13.a4 Ne7 14.Bf4 Nf5 15.Qd3 Qg6
16.Rfd1 a6 17.Rac1 Bc6 18.Ne2 Bb4 19.Bd2 Bxd2 20.Qxd2 O-O 21.Nf4 Qh7 22.g4 Ne7
23.Nd4 Be8 24.Re1 Nc6 25.Rc3 Nxd4 26.Qxd4 Bc6 27.Kh2 Rac8 28.Rg3 Bd7 29.g5 h5
30.g6 Qh6 31.Reg1 Rc2 32.R1g2 Rc1 33.Rg5 fxg6 34.Nxg6 Rf7 35.Qh4 Rc8 36.Rxh5 Kh7
37.Rxh6+ gxh6 38.Nf4 Rcf8 39.Qg4  1-0

[Event "Tatry Open 2012"]
[Site "Tatranske Zruby SVK"]
[Date "2012.09.27"]
[Round "6.47"]
[White "Goga,F"]
[Black "Mitura,V"]
[Result "1/2-1/2"]
[WhiteElo "1944"]
[BlackElo "2169"]

1.e4 c5 2.Nf3 Nc6 3.Bb5 g6 4.Bxc6 bxc6 5.O-O Bg7 6.h3 e5 7.Re1 Ne7 8.d3 O-O
9.Be3 d6 10.Qc1 f5 11.Bh6 Rb8 12.Bxg7 Kxg7 13.Nbd2 Ng8 14.exf5 gxf5 15.Nc4 Kh8
16.Qg5 Rb7 17.Qxd8 Rxd8 18.b3 Rg7 19.Na5 Ne7 20.Kh2 Rdg8 21.Rg1 f4 22.Nc4 Nf5
23.Ncd2 Rg6 24.Ne4 Be6 25.g4 fxg3+ 26.Nxg3 Nxg3 27.Rxg3 Rf6 28.Rf1 Rgf8 29.Ng5 Rxf2+
30.Rxf2 Rxf2+ 31.Kg1 Rf6 32.Ne4 Rh6 33.Nxd6 Bd5 34.Nf5 Rf6 35.Ne3  1/2-1/2

[Event "TCh-SRB Prem 2012"]
[Site "Valjevo SRB"]
[Date "2012.09.27"]
[Round "11.5"]
[White "Vratonjic,S"]
[Black "Andrijevic,M"]
[Result "0-1"]
[WhiteElo "2408"]
[BlackElo "2357"]

1.e4 c5 2.Nf3 Nc6 3.Bb5 a6 4.Bxc6 dxc6 5.h3 e5 6.d3 Bd6 7.Nbd2 Ne7 8.Nc4 Ng6
9.Be3 h6 10.O-O O-O 11.Qd2 Re8 12.a4 a5 13.Qc3 b6 14.Nfd2 Bc7 15.Kh2 b5 16.axb5 cxb5
17.Nxa5 Rxa5 18.Qxc5 Bd6 19.Qc6 Ne7 20.Qc3 b4 21.Qb3 Be6 22.Nc4 Bxc4 23.Qxc4 Qa8
24.Rxa5 Qxa5 25.f4 Qc7 26.Qxc7 Bxc7 27.f5 Ra8 28.c3 b3 29.Bc5 Nc8 30.Kg3 Ra2
31.Rb1 Nb6 32.Bxb6 Bxb6 33.Kf3 Bc5 34.g4 g5 35.Kg3 f6 36.Kf3 Kf7 37.Kg3 Ke7
38.Kf3 Kd7 39.d4 exd4 40.Rd1 Rxb2 41.cxd4 Be7 42.Ke3 Kd6 43.Kd3 Rh2 44.Kc4 b2
45.Rb1 Bd8 46.Kb3 Bb6 47.Kc4 Rd2 48.Kc3 Rxd4 49.Rxb2 Bc5 50.Rb8 Rxe4 51.Rh8 Re3+
52.Kc4 Rxh3 53.Rd8+ Ke7 54.Rh8 Bf2 55.Kd5 Rd3+ 56.Kc6 Rc3+ 57.Kb5 Bd4 58.Kb4 Rc1
59.Kb5 Ba1 60.Kb6 Kd6 61.Re8 Rg1 62.Ka6 Bd4 63.Rd8+ Kc6  0-1

[Event "Baku Open 2012"]
[Site "Baku AZE"]
[Date "2012.09.28"]
[Round "7.26"]
[White "Rzayev,B"]
[Black "Khalafova,N"]
[Result "1-0"]
[WhiteElo "2370"]
[BlackElo "2106"]

1.e4 c5 2.Nf3 Nc6 3.Bb5 e6 4.O-O Nge7 5.c3 d5 6.exd5 Nxd5 7.d4 cxd4 8.Nxd4 Qc7
9.c4 Nf6 10.Nxc6 bxc6 11.Bf4 Qb6 12.Ba4 Ba6 13.Qf3 Rc8 14.Nd2 Be7 15.Be5 O-O
16.Bc2 Qa5 17.Bc3 Qh5 18.Qg3 Qg4 19.Qe3 c5 20.h3 Qh5 21.Qg3 Kh8 22.Rae1 Qh6
23.f4 Nh5 24.Qf2 Bd6 25.Qh4 Bb7 26.Be4 Rc7 27.Bxb7 Rxb7 28.Ne4 Bxf4 29.Rxf4 Qxf4
30.Qxh5 Qf5 31.Qxf5 exf5 32.Nxc5 Rc7 33.b4 Rd8 34.Rf1 Kg8 35.Rxf5 Rd1+ 36.Rf1 Rd8
37.Re1 h6 38.Kf2 Kh7 39.Re3 Rd1 40.Re1 Rd8 41.Kf3 Kg6 42.Re4  1-0

[Event "Baku Open 2012"]
[Site "Baku AZE"]
[Date "2012.09.29"]
[Round "8.7"]
[White "Safarli,E"]
[Black "Guliev,L"]
[Result "1-0"]
[WhiteElo "2620"]
[BlackElo "2412"]

1.e4 c5 2.Nf3 Nc6 3.Bb5 d6 4.O-O Bd7 5.Re1 Nf6 6.c3 a6 7.Bf1 Bg4 8.h3 Bh5
9.g4 Bg6 10.d4 cxd4 11.cxd4 d5 12.exd5 Nxd5 13.Nc3 e6 14.Nxd5 Qxd5 15.Bg2 Bb4
16.Ne5 Qb5 17.a4 Qb6 18.d5 Nxe5 19.Rxe5 O-O 20.dxe6 Bc5 21.Be3 Bxe3 22.Rxe3 fxe6
23.Qb3 Qc5 24.Qxe6+ Kh8 25.Qe7 Qc2 26.Re2 Qc4 27.Rd2 Rab8 28.Rad1 Rbe8 29.Rd8 Qf4
30.Rxe8 Qxf2+ 31.Kh1 Rxe8 32.Rd8 Qf7 33.Qxf7 Bxf7 34.Rd7 Kg8 35.Rxb7 h5 36.gxh5 Re2
37.b4 Be8 38.b5 axb5 39.axb5 Rb2 40.Rb8 Kf7 41.b6 Bb5 42.Bd5+ Ke7 43.b7 Ba6
44.Rg8 Bxb7 45.Rxg7+ Kf6 46.Rf7+ Kg5 47.Bxb7 Kxh5 48.Bg2 Kh4 49.Rf4+ Kg5
50.Rg4+ Kh5 51.Kh2 Rb5 52.Kg3 Rf5 53.Bf3 Kh6 54.Be4 Rf6 55.Rh4+ Kg7 56.Rh7+ Kg8
57.Ra7 Kh8 58.Kg4 Re6 59.Bf5 Re1 60.Kg5 Rg1+ 61.Bg4 Re1 62.Kf6 Re8 63.Be6 Rf8+
64.Bf7  1-0

[Event "30th Balaton Open"]
[Site "Heviz HUN"]
[Date "2012.09.29"]
[Round "7.12"]
[White "Marjanovics,G"]
[Black "Kosztolanczi,G"]
[Result "1-0"]
[WhiteElo "2125"]
[BlackElo "2130"]

1.e4 c5 2.Nf3 Nc6 3.Bb5 g6 4.O-O Bg7 5.c3 Nf6 6.Re1 O-O 7.e5 Nd5 8.d4 cxd4
9.cxd4 a6 10.Ba4 d6 11.Nc3 Nxc3 12.bxc3 b5 13.Bc2 dxe5 14.Be4 Bb7 15.Nxe5 Bxe5
16.dxe5 Qxd1 17.Rxd1 Rfd8 18.Be3 Rxd1+ 19.Rxd1 Rd8 20.Rxd8+ Nxd8 21.Bc2 Nc6
22.f4 Kf8 23.Kf2 Ke8 24.g4 Bc8 25.Kg3 Be6 26.Bb1 Kd7 27.Kh4 f6 28.f5 g5+
29.Bxg5 fxg5+ 30.Kxg5 Bd5 31.e6+ Ke8 32.Kh6 Ne5 33.h3 Bg2 34.Kxh7 Bxh3 35.g5 Ng4
36.g6 Nf6+ 37.Kh8 Kd8 38.g7 Bg2 39.g8=Q+ Nxg8 40.Kxg8 Ke8 41.Kg7 Bd5 42.a3 Kd8
43.Kf7 Bc6 44.f6 Be8+ 45.Kg7 exf6 46.Kxf6  1-0

[Event "TCh-FIN SM 2012-13"]
[Site "Jyvaskyla FIN"]
[Date "2012.09.29"]
[Round "2.1"]
[White "Neiksans,A"]
[Black "Novik,Ma"]
[Result "1/2-1/2"]
[WhiteElo "2535"]
[BlackElo "2446"]

1.e4 c5 2.Nf3 Nc6 3.Bb5 g6 4.Bxc6 dxc6 5.d3 Bg7 6.h3 Nf6 7.Nc3 O-O 8.Be3 b6
9.Qd2 e5 10.Bh6 Qd6 11.O-O-O a5 12.g4 a4 13.Bxg7 Kxg7 14.Nh4 b5 15.f4 b4
16.Ne2 b3 17.cxb3 axb3 18.a3 Re8 19.fxe5 Qxe5 20.Nf3 Qe7 21.Qc3 Kg8 22.Ng3 Be6
23.Rhg1 Nd7 24.Nh5 Qf8 25.Kb1 Qh6 26.Ng3 Qxh3 27.Nh5 gxh5 28.gxh5+ Kf8 29.Ng5 Qxh5
30.Nxe6+ Rxe6 31.Qh8+ Ke7 32.Qxa8 Qe2 33.Ka1 Rd6 34.e5 Rxd3 35.Rxd3 Qxd3
36.Qxc6 c4 37.Qc7 Ke6 38.Qc6+ Ke7 39.Re1 Qd2 40.Qe4 Nc5 41.Qe3 Qd5 42.Qg5+ Kd7
43.Qf5+ Ke8 44.Rg1 Ne4 45.Re1 Nc5 46.Qh3 Nd3 47.Qc8+ Ke7 48.Qc7+ Ke6 49.Qb6+ Kd7
50.Qa7+ Ke6 51.Rf1 Nxe5 52.Qb6+ Kd7 53.Qa7+ Ke6 54.Qf2 Kd7 55.Qf5+ Ke7 56.Re1 Kd6
57.Qxh7 c3 58.Qh6+ Kc7 59.Qe3 c2 60.Qa7+ Kc8 61.Qa6+ Kc7 62.Qa7+ Kc8 63.Qa6+ Kc7  1/2-1/2

[Event "30th Balaton GM"]
[Site "Heviz HUN"]
[Date "2012.09.30"]
[Round "8.4"]
[White "Varga,Zo"]
[Black "Hoelzl,F"]
[Result "1/2-1/2"]
[WhiteElo "2455"]
[BlackElo "2321"]

1.e4 c5 2.Nf3 Nc6 3.Bb5 Nf6 4.Nc3 e5 5.O-O d6 6.Re1 g6 7.Nd5 Bg7 8.d3 Be6
9.Bg5 O-O 10.Bxc6 bxc6 11.Nxf6+ Bxf6 12.Qd2 Bg4 13.Bxf6 Qxf6 14.Re3 a5  1/2-1/2

[Event "Oslo GM Open 2012"]
[Site "Oslo NOR"]
[Date "2012.09.30"]
[Round "5.14"]
[White "Devereaux,M"]
[Black "Zulfic,F"]
[Result "1-0"]
[WhiteElo "2385"]
[BlackElo "2116"]

1.e4 c5 2.Nf3 Nc6 3.Bb5 e6 4.Bxc6 bxc6 5.d3 Ne7 6.Qe2 d5 7.c4 Ng6 8.h4 h5
9.e5 Be7 10.g3 Rb8 11.Nc3 Nf8 12.Kf1 Nh7 13.b3 Ba6 14.Kg2 Nf8 15.Ba3 Nd7
16.Na4 Rc8 17.Rac1 Bb7 18.Qe3 Qa5 19.Qe1 Qd8 20.Rc2 Ba6 21.Bc1 Qc7 22.Bd2 Qb8
23.Qe3 Bb7 24.Re1 Ba6 25.Qe2 Bb7 26.Bg5 Bf8 27.Bc1 Be7 28.Ba3 Qc7 29.Qd2 Qd8
30.Rec1 d4 31.Re1 Kf8 32.Re2 Kg8 33.Qe1 Rh6 34.Bc1 Rh8 35.Bg5 f6 36.exf6 gxf6
37.Rxe6 Kf7 38.Rce2 Re8 39.Bh6  1-0

[Event "TATA 50th ch-IND National Premier"]
[Site "Kolkata IND"]
[Date "2012.10.01"]
[Round "1.6"]
[White "Deepan,C"]
[Black "G.,A"]
[Result "1/2-1/2"]
[WhiteElo "2523"]
[BlackElo "2343"]

1.e4 c5 2.Nf3 Nc6 3.Bb5 Nf6 4.d3 Qc7 5.c3 a6 6.Ba4 g6 7.Qe2 b5 8.Bb3 d6 9.a4 Rb8
10.axb5 axb5 11.Ng5 e6 12.f4 Bg7 13.f5 h6 14.Nf3 O-O 15.fxg6 fxg6 16.O-O Kh7
17.Be3 Bd7 18.Nbd2 Nh5 19.Nh4 Bf6 20.g3 e5 21.Ng2 Ng7 22.Rf2 h5 23.Raf1 Be7
24.Rxf8 Rxf8 25.Rxf8 Bxf8 26.Qf1 Qd8 27.Qf7 Be7 28.Bd5 Qf8 29.Qxf8 Bxf8 30.Nf3 Ne8
31.Ng5+ Kg7 32.Bxc6 Bxc6 33.Ne6+ Kg8 34.Nh4 Be7 35.Nxg6 Bf6 36.Nh4 Bxh4 37.gxh4 c4
38.d4  1/2-1/2

[Event "TATA 50th ch-IND National Premier"]
[Site "Kolkata IND"]
[Date "2012.10.03"]
[Round "3.18"]
[White "Shashikant,K"]
[Black "G.,A"]
[Result "0-1"]
[WhiteElo "2307"]
[BlackElo "2343"]

1.e4 c5 2.Nf3 Nc6 3.Bb5 e6 4.O-O Nge7 5.c3 a6 6.Ba4 d5 7.e5 Ng6 8.Bxc6+ bxc6
9.d3 f6 10.exf6 Qxf6 11.c4 Bd6 12.Nc3 Bd7 13.Be3 O-O 14.Na4 d4 15.Bc1 Nh4
16.Ng5 Qg6 17.Qg4 h6 18.Qxh4 hxg5 19.Qe4 Qh5 20.h3 e5 21.f3 Bf5 22.Qe2 Qg6
23.Rd1 Rae8 24.b3 e4 25.dxe4 Bxe4 26.fxe4 Rxe4 27.Qd2 Qe6 28.Ba3 Qe5  0-1

[Event "3rd Copa Latino-Americana"]
[Site "Cali COL"]
[Date "2012.10.05"]
[Round "3.9"]
[White "Loaiza,Y"]
[Black "Lopez,CM CUB"]
[Result "0-1"]
[WhiteElo "1917"]
[BlackElo "2301"]

1.e4 c5 2.Nf3 Nc6 3.Bb5 e6 4.Bxc6 bxc6 5.d3 Ne7 6.Qe2 d5 7.Nc3 Ng6 8.h4 h5
9.e5 Rb8 10.b3 Be7 11.g3 f6 12.Bb2 f5 13.Bc1 Bd7 14.Kf1 Qc7 15.Kg2 f4 16.Bxf4 Nxf4+
17.gxf4 Rb4 18.Qd2 O-O 19.Ne2 Be8 20.a3 Rb8 21.Ng5 Qd7 22.Qe3 Bg6 23.Ng3 Bd8
24.Qf3 Qe8 25.a4 Rb4 26.Ne2 Bf5 27.Qe3 Qe7 28.Ng3 Bg6 29.Ne2 a5 30.Qd2 Bc7
31.Rab1 Rfb8 32.Ng3 Rf8 33.Ne2 Bf5 34.Ng3 Rxf4 35.Nxh5 Rg4+ 36.Ng3 Bxe5 37.Qxa5 Qd6
38.Qe1 Bd4 39.Nf3 Rf4 40.Nxd4 cxd4 41.Qd2 Bg4 42.Rh2 Rxf2+  0-1

[Event "TCh-ISL 2012-13"]
[Site "Reykjavik ISL"]
[Date "2012.10.05"]
[Round "1.4"]
[White "Halldorsson,Ha"]
[Black "Maze,S"]
[Result "0-1"]
[WhiteElo "2204"]
[BlackElo "2564"]

1.e4 c5 2.Nf3 Nc6 3.Bb5 e6 4.O-O Nge7 5.b3 Ng6 6.Bb2 f6 7.Re1 Be7 8.d4 cxd4
9.Nxd4 O-O 10.Nc3 Qb6 11.Nxc6 bxc6 12.Bf1 d6 13.g3 e5 14.Bc1 f5 15.Be3 Qa5
16.Qd2 f4 17.Nd5 Qd8 18.gxf4 Nh4 19.Bg2 cxd5 20.Qxd5+ Kh8 21.Qxa8 exf4 22.Qxa7 fxe3
23.Qxe3 Bg5 24.Qd3 Bf4 25.Kh1 Be5 26.Qe3 Bf4 27.Qc3 Ng6 28.Rg1 Qh4  0-1

[Event "TCh-Central SRB 2012"]
[Site "Vrnjacka Banja SRB"]
[Date "2012.10.05"]
[Round "9.5"]
[White "Cvetanovic,U"]
[Black "Misojcic,M"]
[Result "1-0"]
[WhiteElo "2229"]
[BlackElo "2253"]

1.e4 c5 2.Nf3 Nc6 3.Bb5 e6 4.O-O Nge7 5.Re1 a6 6.Bxc6 Nxc6 7.Nc3 Be7 8.d4 cxd4
9.Nxd4 d6 10.Be3 O-O 11.f4 Qc7 12.a4 Na5 13.Qd3 Bd7 14.Rad1 Rfe8 15.Nf3 Rac8
16.Kh1 Nc4 17.Bc1 h6 18.e5 d5 19.f5 Bf8 20.f6 b5 21.Qd4 g6 22.Bxh6 Nxb2 23.Bxf8 Qc4
24.Qe3  1-0

[Event "TCh-AUT 2 East 2012-13"]
[Site "Austria AUT"]
[Date "2012.10.06"]
[Round "1.1"]
[White "Videki,S"]
[Black "Baumegger,S"]
[Result "1-0"]
[WhiteElo "2429"]
[BlackElo "2462"]

1.e4 c5 2.Nf3 Nc6 3.Bb5 g6 4.Bxc6 dxc6 5.d3 Bg7 6.h3 Nf6 7.Nc3 Nd7 8.Bf4 e5
9.Be3 Qe7 10.Qd2 Nf8 11.Na4 Ne6 12.Qc3 b6 13.b4 O-O 14.bxc5 b5 15.Nb2 f5
16.a4 fxe4 17.dxe4 Nd4 18.Nd3 Nxf3+ 19.gxf3 Be6 20.h4 Rxf3 21.h5 bxa4 22.hxg6 hxg6
23.O-O-O Qb7 24.Rdg1 Bf7 25.Ne1 Rf6 26.Bh6 Rb8 27.Bxg7 Kxg7 28.Nd3 a3 29.Qxe5 a2
30.Kd2 Rf8 31.Qh2 Bg8 32.Qh8+ Kf7 33.Rh7+  1-0

[Event "3rd Copa Latino-Americana"]
[Site "Cali COL"]
[Date "2012.10.06"]
[Round "4.32"]
[White "Guarin,D"]
[Black "Toro Henao,Juan Sebastian"]
[Result "1-0"]
[WhiteElo "1996"]
[BlackElo "1798"]

1.e4 c5 2.Nf3 Nc6 3.Bb5 e6 4.O-O Nge7 5.Re1 a6 6.Bf1 d6 7.b3 e5 8.Nc3 Bg4
9.Be2 Bd7 10.h3 f5 11.Bb2 f4 12.Bc4 b5 13.Bd5 Nxd5 14.Nxd5 Be7 15.c3 g5 16.d4 g4
17.hxg4 Bxg4 18.Qd3 Rg8 19.Kf1 h5 20.dxc5 dxc5 21.c4 Nd4 22.Nxe5 Qd6 23.Bxd4 cxd4
24.Nxg4 hxg4 25.e5 Qc5 26.Rac1 g3 27.Nf6+ Bxf6 28.exf6+ Kf7 29.Qh7+ Kxf6
30.Qh6+ Rg6 31.Re6+ Kxe6 32.Qxg6+ Kd7 33.Qf7+ Kd6 34.Qxf4+ Qe5 35.c5+ Kd5
36.Qf3+ Qe4 37.Qxg3 Qe5 38.Qf3+ Qe4 39.Qf7+ Qe6 40.Qf3+ Qe4 41.Qxe4+ Kxe4
42.Ke2 d3+ 43.Kd2 Rg8 44.g3 Rf8 45.f4 Rg8 46.Re1+ Kd4 47.Re3 Kxc5 48.Rxd3 a5
49.Rf3 Kd4 50.f5 Ke5 51.f6  1-0

[Event "TCh-Moscow 2012"]
[Site "Moscow RUS"]
[Date "2012.10.06"]
[Round "6.4"]
[White "Dvalishvili,P"]
[Black "Belous,V"]
[Result "0-1"]
[WhiteElo "2421"]
[BlackElo "2551"]

1.e4 c5 2.Nf3 Nc6 3.Bb5 d6 4.O-O Bd7 5.Re1 Nf6 6.c3 a6 7.Bf1 Bg4 8.d3 e6
9.h3 Bh5 10.Bf4 Be7 11.Nbd2 O-O 12.Qb3 Na5 13.Qc2 Rc8 14.Rad1 b5 15.Qb1 Qb6
16.g4 Bg6 17.Nh4 Nxg4 18.Nxg6 fxg6 19.Bg3 Nh6 20.b4 cxb4 21.Qxb4 Qd8 22.Bg2 Nf7
23.Nf3 Ne5 24.Nd4 Rf6 25.Qb2 g5 26.a4 bxa4 27.Qa2 Qd7 28.c4 Rcf8 29.Rd2 Nb7
30.Nc2 Nf3+ 31.Bxf3 Rxf3 32.d4 h5 33.Ra1 h4 34.Bh2 a3 35.Ne3 Rxh3 36.c5 Kh8
37.c6 Qxc6 38.Qxe6 Rxe3 39.fxe3 Qc3 40.Rad1 Qxe3+ 41.Kh1 Qf3+ 42.Kg1 Bd8
43.Qd5 h3 44.Qxb7 Ba5  0-1